000 00743nam a22002055i 4500
001 154154
003 ES-MaACL
005 20250428063006.0
008 050915s1895 fr | |||||||| ||fre d
040 _aCAM
_bspa
_cCAM
100 1 _aFrance, Anatole,
_d1844-1924
_9240108
245 1 4 _aLes opinions de M. Jérôme Coignard
_b: recueillies par Jacques Tournebroche /
_cet publiées par Anatole France.
250 _a11e éd.
260 _aParis :
_bCalmann Lévy, éditeur,
_c1895 (
_fImp. Paul Brodard)
300 _a288 p. ;
_c19 cm.
700 1 _aTournebroche, Jacques.
_9133353
700 2 _aCalmann Lévy,
_eed.
_9188340
852 _aES-MaACL
_jE-8674(2)
_z-- Enc. hol., falto de la cub. original
999 _c154154
_d154154